Ekonomika a riadenie VTR Zbierka príkladov

Na minha lista:
Detalhes bibliográficos
Autor principal: Karvaš, Jozef
Autor Corporativo: Vysoká škola ekonomická v Bratislave. Fakulta ekonomiky a riadenia výrobných odvetví
Outros Autores: Füzyová, Ľubica
Formato: Livro
Idioma:eslovaco
Publicado em: Bratislava VŠE 1985
Edição:1. vyd.
Tags: Adicionar Tag
Sem tags, seja o primeiro a adicionar uma tag!

MARC

LEADER 00000nam a2200000 4500
001 c023197
005 20230116104557.4
041 0 |a slo 
044 |a SK 
245 1 0 |a Ekonomika a riadenie VTR  |b Zbierka príkladov  |c Jozef Karvaš, Ľuba Füzyová 
250 |a 1. vyd. 
264 1 |a Bratislava  |b VŠE  |c 1985 
300 |a 113 s. 
100 1 |a Karvaš, Jozef 
700 1 |a Füzyová, Ľubica 
710 2 |a Vysoká škola ekonomická v Bratislave. Fakulta ekonomiky a riadenia výrobných odvetví